Les pokémons des champions de Kanto dans toutes leurs apparitions ! - Statistiques

Statistiques générales
  • Ce quiz a été pris 164 fois
    130 depuis la dernière actualisation
  • Le résultat moyen est 143 sur 214
Statistiques - réponses
Champion Version Pokémon % Correct
Rouge/Bleu Onix
100%
Pierre Rouge/Bleu Racaillou
97%
Ondine Rouge/Bleu Stari
93%
Rouge/Bleu Staross
93%
HeartGold/SoulSilver | Let's go Pikachu/Evoli Grolem
92%
Noir 2/Blanc 2 | Or/Argent | Rouge/Bleu Dracaufeu
90%
Let's go Pikachu/Evoli | Rouge/Bleu Léviator
90%
Ultra-Lune/Ultra-Soleil Leviator
90%
Or/Argent Gravalanch
88%
Rouge/Bleu Pikachu
87%
Rouge/Bleu Raichu
87%
Rouge/Bleu Rhinoferos
85%
Rouge/Bleu | Ultra-Lune/Ultra-Soleil Arcanin
83%
Or/Argent Électrode
83%
Noir 2/Blanc 2 | Rouge/Bleu Florizarre
83%
Rouge/Bleu Rafflesia
83%
Noir 2/Blanc 2 | Rouge/Bleu Tortank
83%
Rouge/Bleu Alakazam
82%
Major Bob Rouge/Bleu Voltorbe
82%
Auguste Rouge/Bleu Caninos
80%
Agatha Rouge/Bleu Ectoplasma
80%
Or/Argent Élektek
80%
Let's go Pikachu/Evoli | Rouge/Bleu Lamantine
80%
Rouge/Bleu Nidoking
80%
Or/Argent | Rouge/Bleu Rhinocorne
80%
Jaune | Or/Argent | Rouge/Bleu Aeromite
78%
Rouge/Bleu Draco
78%
Rouge/Bleu Dracolosse
78%
Rouge/Bleu Galopa
78%
Noir 2/Blanc 2 | Rouge/Bleu Nidoqueen
78%
Noir 2/Blanc 2 | Rouge/Bleu Ptéra
78%
Koga Rouge/Bleu Smogo
78%
Rouge Feu/Vert Feuille Steelix
78%
Or/Argent Akwakwak
77%
Jaune | Let's go Pikachu/Evoli Aquali
77%
Noir 2/Blanc 2 | Rouge/Bleu Arbok
77%
Erika Rouge/Bleu Empiflor
77%
Rouge/Bleu Herbizarre
77%
Morgane Rouge/Bleu Kadabra
77%
Rouge/Bleu Ponyta
77%
Jaune | Noir 2/Blanc 2 Pyroli
77%
Rouge/Bleu Roucarnage
77%
Let's go Pikachu/Evoli | Or/Argent | Rouge/Bleu Smogogo
77%
Jaune | Noir 2/Blanc 2 Voltali
77%
Or/Argent Amonistar
75%
Rouge/Bleu Grotadmorv
75%
Or/Argent | Rouge/Bleu Lokhlass
75%
HeartGold/SoulSilver | Rouge/Bleu Mackogneur
75%
Rouge/Bleu Reptincel
75%
Rouge/Bleu Spectrum
75%
Rouge/Bleu Carabaffe
73%
HeartGold/SoulSilver Élekable
73%
Rouge Feu/Vert Feuille Hyporoi
73%
Or/Argent Joliflor
73%
Or/Argent Kabutops
73%
Rouge/Bleu Kicklee
73%
Or/Argent Magmar
73%
Jaune | Let's go Pikachu/Evoli Magneti
73%
Or/Argent Magnéton
73%
Jaune Magneton
73%
Let's go Pikachu/Evoli | Noir 2/Blanc 2 | Rouge/Bleu | Ultra-Lune/Ultra-Soleil Noadkoko
73%
Jaune Ortide
73%
Blue Rouge/Bleu Salamèche
73%
Rouge/Bleu Saquedeneu
73%
Rouge/Bleu Bulbizarre
72%
Rouge/Bleu Carapuce
72%
Jaune Feunard
72%
HeartGold/SoulSilver | Rouge/Bleu Lippoutou
72%
Let's go Pikachu/Evoli | Rouge/Bleu Nosferalto
72%
Noir 2/Blanc 2 Poissoroy
72%
Rouge/Bleu Tygnon
72%
Jaune | Rouge/Bleu Abra
70%
Jaune Boustiflor
70%
Jaune | Rouge/Bleu Crustabri
70%
Rouge/Bleu M. Mime
70%
Or/Argent Nostenfer
70%
Let's go Pikachu/Evoli Psykokwak
70%
HeartGold/SoulSilver | Noir 2/Blanc 2 Rhinastoc
70%
Let's go Pikachu/Evoli | Noir 2/Blanc 2 | Rouge/Bleu Flagadoss
68%
HeartGold/SoulSilver Maganon
68%
Rouge/Bleu Roucoups
68%
Jaune | Let's go Pikachu/Evoli | Noir 2/Blanc 2 Sablaireau
68%
HeartGold/SoulSilver Magnézone
67%
Or/Argent Mentali
67%
Let's go Pikachu/Evoli | Noir 2/Blanc 2 Ossatueur
67%
Rouge/Bleu Roucool
67%
Jaune Evoli
65%
Jaune Goupix
65%
Jaune Persian
65%
Rouge/Bleu Triopikeur
65%
Let's go Pikachu/Evoli Hypocéan
63%
Ultra-Lune/Ultra-Soleil Mewtwo
63%
Jaune Mimitoss
63%
Noir 2/Blanc 2 Roigada
63%
Or/Argent Volcaropod
63%
HeartGold/SoulSilver Bouldeneu
62%
Or/Argent Kapoera
62%
Rouge/Bleu Nidorino
62%
Let's go Pikachu/Evoli Tartard
60%
Let's go Pikachu/Evoli | Noir 2/Blanc 2 Tentacruel
60%
HeartGold/SoulSilver Drattak
58%
Rouge/Bleu Noeunoeuf
58%
Rouge/Bleu Kangourex
57%
Rouge/Bleu Rattata
57%
Rouge/Bleu Rattatac
57%
HeartGold/SoulSilver Camérupt
55%
Noir 2/Blanc 2 Hypnomade
55%
Or/Argent Migalos
55%
Jaune Rapasdepic
55%
Noir 2/Blanc 2 | Rouge Feu/Vert Feuille Tyranocif
55%
HeartGold/SoulSilver Démolosse
53%
HeartGold/SoulSilver | Noir 2/Blanc 2 Lanturn
53%
Noir 2/Blanc 2 Pharamp
53%
HeartGold/SoulSilver | Noir 2/Blanc 2 Carchacrok
52%
Noir 2/Blanc 2 Libégon
52%
Noir 2/Blanc 2 Tranchodon
52%
HeartGold/SoulSilver Altaria
50%
HeartGold/SoulSilver Chartor
50%
HeartGold/SoulSilver Élecsprint
50%
Or/Argent Maraiste
50%
Or/Argent Cotovol
48%
Jaune Sabelette
48%
HeartGold/SoulSilver Charkos
47%
Jaune Kokiyas
47%
HeartGold/SoulSilver Lucario
47%
Noir 2/Blanc 2 Moyade
47%
Let's go Pikachu/Evoli Parasect
47%
Jaune Piafabec
47%
HeartGold/SoulSilver Relicanth
47%
HeartGold/SoulSilver | Noir 2/Blanc 2 Roserade
47%
Let's go Pikachu/Evoli Tauros
47%
HeartGold/SoulSilver Milobellus
45%
Noir 2/Blanc 2 Trioxhydre
45%
Noir 2/Blanc 2 Vacilys
45%
Rouge Feu/Vert Feuille Feuforêve
43%
Or/Argent Foretress
43%
HeartGold/SoulSilver Corboss
42%
Noir 2/Blanc 2 Mégapagos
42%
HeartGold/SoulSilver Tengalice
42%
HeartGold/SoulSilver Coatox
40%
HeartGold/SoulSilver Drascore
40%
HeartGold/SoulSilver Gallame
40%
Noir 2/Blanc 2 Hippodocus
40%
HeartGold/SoulSilver Avaltout
38%
HeartGold/SoulSilver Moufflair
38%
HeartGold/SoulSilver Pachirisu
38%
Noir 2/Blanc 2 Métalosse
37%
Noir 2/Blanc 2 Motisma
37%
Noir 2/Blanc 2 Blizzaroi
35%
HeartGold/SoulSilver Musteflott
35%
Noir 2/Blanc 2 Crocorible
33%
HeartGold/SoulSilver Qulbutoké
33%
Rouge Feu/Vert Feuille Cochignon
32%
HeartGold/SoulSilver Hariyama
32%
Rouge Feu/Vert Feuille Scarhino
32%
Noir 2/Blanc 2 Scorvol
32%
Noir 2/Blanc 2 Cryptéro
28%
Noir 2/Blanc 2 Lakmécygne
25%
Aucun quiz correspondant
Distribution des résultats
% des personnes avec chaque résultat
Percentile par nombre de réponses
Votre historique - résultats
Vous n’avez pas pris ce quiz depuis la dernière actualisation